All ATEEZ Songs (until Ash) - Statistics

General Stats
  • This quiz has been taken 123 times
    63 since last reset
  • The average score is 92 of 142
Answer Stats
Answer % Correct
Ash
100%
BOUNCY (K-HOT CHILLI PEPPERS)
100%
Ice On My Teeth
100%
Crazy Form
97%
HALAZIA
97%
In Your Fantasy
97%
NO1 (HONGJOONG)
97%
Pirate King
97%
ROAR (MINGI)
97%
Treasure
97%
WORK
97%
Answer
94%
Creep (SAN)
94%
Lemon Drop
94%
Skin (SEONGHWA)
94%
Youth (YUNHO, MINGI)
94%
ARRIBA
90%
Blind
90%
Cyberpunk
90%
HALA HALA (Hearts Awakened, Live Alive)
90%
Slide to me (YUNHO)
90%
Wake Up
90%
WONDERLAND
90%
Deja Vu
87%
IT’s You (YEOSANG, SAN, WOOYOUNG)
87%
Masterpiece
87%
MATZ (HONGJOONG, SEONGHWA)
87%
Sagittarius (WOOYOUNG)
87%
Say My Name
87%
UTOPIA
87%
WAVE
87%
Dune
84%
FEVER
84%
Legacy (YEOSANG)
84%
Outlaw
84%
This World
84%
To be your light (JONGHO)
84%
Turbulence
84%
DJANGO
81%
Fireworks (I’m the One)
81%
Guerilla
81%
Castle
77%
Celebrate
77%
INCEPTION
77%
Intro : Siren
77%
ROCKY
77%
Selfish Waltz
77%
Shaboom
77%
THANXX
77%
The Black Cat Nero
77%
Twilight
77%
Birthday
74%
Man on Fire
74%
New World
74%
Paradigm
74%
Silver Light
74%
The Leaders
74%
The Real
74%
AURORA
71%
Enough
71%
Eternal Sunshine
71%
ILLUSION
71%
Now this house ain’t a home
71%
Siren
71%
The Ring
71%
Empty Box
68%
Everything (JONGHO)
68%
Golden Hour
68%
Intro: Long Journey
68%
My Way
68%
Sector 1
68%
Crescent
65%
Crescent Part.2
65%
Dancing Like Butterfly Wings
65%
Desire
65%
Outro: Long Journey
65%
Star 1117
65%
Emergency
61%
FIN : WILL
61%
Good Lil Boy
61%
Outro : Blue Bird
61%
PROPAGANDA
61%
Stay
61%
THANK U
61%
Bridge : The Edge of Reality
58%
Mist
58%
NOT OKAY
58%
Promise
58%
Take Me Home
58%
Tippy Toes
58%
WE KNOW
58%
WIN
58%
FACE
55%
From
55%
From (2018)
55%
Horizon
55%
Light
55%
Precious
55%
Precious (Overture)
55%
Crescendo
52%
If Without You
52%
The King
52%
TO THE BEAT
52%
WDIG (Where Do I Go)
52%
12 Midnight
48%
Choose
48%
Dazzling Light
48%
DIAMOND
45%
Forevermore
45%
Limitless
45%
Outro : Liberty
45%
White Love
45%
WITH U
45%
Be My Lover
42%
Better
42%
Dreamy Day
42%
Outro : Over the Horizon
42%
Be With You
39%
DEEP DIVE
39%
Dreamers
39%
One Day At A Time
39%
Royal
39%
Days
35%
End of the Beginning
35%
Scene 1 : Value
35%
Still Here
35%
Sunrise
35%
The Letter
35%
Feeling Like I Do
32%
Hush-Hush
32%
Time of Love
32%
All About You
29%
Beginning of the End
29%
Blue Summer
29%
Dear Diary: 2016.07.29
29%
Not Too Late
29%
Declaration
26%
Let’s Get Together
26%
Don’t Stop
19%
Call Me Anytime
16%
A Little Space
13%
Summer Taste
10%
No matching quizzes found
Score Distribution
Percent of People with Each Score
Percentile by Number Answered
Your Score History
You have not taken this quiz since the last reset